| 000 | 00702cam a2200241 i 4500 | ||
|---|---|---|---|
| 008 | |||
| 020 | _a0194423409 (pbk.) | ||
| 049 | _aMAIN | ||
| 090 |
_aQM23.2 _bROM |
||
| 100 | 1 | _aRomanes,G. J. | |
| 245 | 1 | 0 |
_aCunningham's manual of practical anatomy : _nvol. 3 : _bhead and neck and brain / _cG. J. Romanes. |
| 250 | _a14th ed. | ||
| 260 |
_aNew York : _bOxford University Press, _c1979. |
||
| 300 |
_a281 p. : _bill. ; _c28 cm. |
||
| 500 | _aIncludes index. | ||
| 650 | 0 | _aHuman, anatomy. | |
| 650 | 0 | _aDissection. | |
| 907 |
_a.b10324458 _b26-03-14 _c10-12-12 |
||
| 003 | |||
| 005 | 20230120204115.0 | ||
| 040 | _cNUST | ||
| 942 |
_cBOOKS _kQM23.2 _mROM |
||
| 999 |
_c117248 _d117248 |
||